| 000 | 00420nam a2200145 4500 | ||
|---|---|---|---|
| 999 |
_c9456 _d9456 |
||
| 003 | OSt | ||
| 005 | 20210623125755.0 | ||
| 008 | 210623b ||||| |||| 00| 0 eng d | ||
| 020 | _a9781118978818 | ||
| 082 |
_a006.68 _bALE |
||
| 100 | _aAlexander C. Schreyer | ||
| 245 | _aArchitectural design with sketchup : components-based modeling, plugins, rendering and scripting | ||
| 260 |
_aNew jersey _bWiley _c2016 |
||
| 942 | _2ddc | ||